000 00731nam a2200241 a 4500
001 BRL_214
005 20190320210635.0
008 831220s1957 mx-#######---#000-0#spa-#
040 _aDLC
_cCarP
_dDLC
041 _aspa
044 _amx
050 4 _aF1219.3.P7
_b.R66 1957
100 1 _aRomerovargas Yturbide, Ignacio
_923252
245 1 0 _aOrganización política de los pueblos de Anáhuac
_cIgnacio Romerovargas Yturbide.
260 _aMéxico
_bLibros Luciérnaga
_c1957
300 _a435 p.
_c24 cm.
500 _aAu243
650 1 4 _aIndígenas de México
_xPolítica y gobierno
_923253
650 1 4 _aHistoria constitucional
_zMéxico
_923254
650 1 4 _aDerecho Constitucional
_923255
902 _aGRL
942 _2lcc
_cB
999 _c9027
_d9027